Countries of the Balkans with flags - Statistics

General Stats
  • This quiz has been taken 18 times
  • The average score is 14 of 14
Answer Stats
Picture Answer % Correct
Albania
100%
Bosnia and Herzegovina
100%
Bulgaria
100%
Greece
100%
Kosovo
100%
Moldova
100%
Montenegro
100%
North Macedonia
100%
Romania
100%
Serbia
100%
Turkey
100%
Croatia
93%
Slovenia
93%
Hungary
86%
No matching quizzes found
Score Distribution
Percent of People with Each Score
Percentile by Number Answered
Your Score History
You have not taken this quiz